000 00813nac a22002051u 4500
008 100804t xxu||||| |||| 00| 0 eng d
010 _a 74020258
022 _a0007-2303
035 _a(OCoLC)ocm01167459
082 _a330.973
_bECO
100 _aOkun , Arthur M.[edito
_917071
245 0 0 _aBrookings Papers on Economic Activity2 1976 /
_bArthur M. Okun ,Georg L. Perry [editors]
246 3 0 _aEconomic activity
260 _aWashington,
_bBrookings Institution,
_c1976
300 _av.
_c23 cm.
651 _aUnited States
_xEconomic conditions
_y1945-
_910598
710 2 _aBrookings Institution.
_917072
942 _cBB
_k330.973ECO
_2ddc
999 _c3154
_d3154